000
00242nam a2200097Ia 4500
001
782846
005
20250826170211.0
008
250824s9999 xx 000 0 und d
245
0
_a
YER ALTI DÜNYASI
_c
ŞENGÜL ASAL
260
_b
AKVARYUM YAYINLARI
999
_c
782846
_d
782846